000 00521nam a2200181Ia 4500
999 _c1728
_d1728
003 OSt
005 20200928132939.0
008 190216s9999||||xx |||||||||||||| ||und||
020 _a9788180302046
040 _coclc
082 _a581.4
_bSIN/A
100 _aSingh, S K
_94459
245 0 _aAnatomy Of Angiosperms /
_cS K Singh ; Seema Srivastava
260 _bCampus Books International,
_aNew Delhi:
_c2009.
300 _a204p
650 _aBotany
942 _cBK
_2ddc
_h581.4
_iSIN/A
_k581.4
_mSIN/A